000 00641cam a22002293a 4500
001 1334
003 PGUSA
005 20140828083000.0
008 980601s1998||||xxu|||||s|||||000 1 eng d
040 _aPGUSA
_beng
042 _adc
050 4 _aPR
100 1 _aJerome, Jerome K.
_q(Jerome Klapka),
_d1859-1927
245 1 0 _aPaul Kelver
_h[electronic resource] /
_cJerome K. Jerome
260 _bProject Gutenberg,
_c1998
506 _aPublic domain in the USA.
516 _aElectronic text
653 _aAutobiographical fiction
830 0 _aProject Gutenberg
_v1334
856 4 0 _uhttp://www.gutenberg.org/ebooks/1334
942 _cEB
999 _c230682
_d230682